Ngôn ngữ du lịch/ダナン外大作成の「観光日本語」

Сохранить в:
Библиографические подробности
Формат:
Язык:Japanese
Предметы:
Метки: Добавить метку
Нет меток, Требуется 1-ая метка записи!
Thư viện lưu trữ: Mạng thư viện Đại học Đà Nẵng
LEADER 01062cam a22003011a 4500
001 000036281
003 12576
005 20160330000000.0
008 160330s0 000 jpn
041 |a jpn 
082 |a 495.68  |b KH-N 
245 |a Ngôn ngữ du lịch/ダナン外大作成の「観光日本語」  |c Khoa N-H-T 
300 |a 150tr . : mh ; 30cm 
650 |a Ngôn ngữ du lịch, ダナン外大作成の「観光日本語」, du lịch, 4170323 ,4170263 ,4170293 
852 |b Chuyên đề  |c Giáo trình 
OWN |a LNN 
AVA |a UDN50  |b LNN  |d 495.68 KH-N  |e available  |t Error 5001 Not defined in file expand_doc_bib_avail.  |f 1  |g 0  |h N  |i 0  |k 1 
999 |a From the UDN01 
AVA |a UDN50  |b LNN  |d 495.68 KH-N  |e available  |t Error 5001 Not defined in file expand_doc_bib_avail.  |f 1  |g 0  |h N  |i 0  |k 1 
TYP |a Monograph 
TYP |a Printed language 
980 |a Mạng thư viện Đại học Đà Nẵng